An historical essay on architecture

Bewaard in:
Bibliografische gegevens
Hoofdauteur: HOPE, Thomas
Formaat: Boek
Taal:Engels
Gepubliceerd in: Cambridge University Press 2014
Tags: Voeg label toe
Geen labels, Wees de eerste die dit record labelt!

MARC

LEADER 00000nam a22000007a 4500
008 210827b ||||| |||| 00| 0 eng d
020 |a 9781108068413 
100 |a HOPE, Thomas 
245 |a An historical essay on architecture  |c Thomas Hope  |g xx,525p 
250 |b 3rd  
260 |b Cambridge University Press  |c 2014  |h London  |i 696142  |i 696143  |i 696144  |i 696145  |l NA200.H77  |m Architecture - History 
500 |a Vol 1 
942 |a lcc  |c BK  |e Johnson  |f 27/08/21 
952 |0 0  |1 0  |2 lcc  |4 0  |6 NA0200 H77  |7 0  |9 3275  |a EDM  |b HOL  |c LP  |d 2021-08-27  |o NA200.H77  |p 2021-66983  |r 2021-08-27 00:00:00  |w 2021-08-27  |y BK 
952 |0 0  |1 0  |2 lcc  |4 0  |6 NA0200 H77  |7 0  |9 3276  |a EDM  |b HOL  |c LP  |d 2021-08-27  |l 0  |o NA200.H77  |p 2021-66982  |r 2021-08-27 00:00:00  |w 2021-08-27  |y BK 
952 |0 0  |1 0  |2 lcc  |4 0  |6 NA0200 H77  |7 0  |9 3277  |a HOL  |b HOL  |c LP  |d 2021-08-27  |o NA200.H77  |p 2021-66985  |r 2021-08-27 00:00:00  |w 2021-08-27  |y BK 
952 |0 0  |1 0  |2 lcc  |4 0  |7 0  |9 3278  |a HOL  |b HOL  |c LP  |d 2021-08-27  |o NA200.H77  |p 2021-66984  |r 2021-08-27 00:00:00  |w 2021-08-27  |y BK 
999 |c 1638  |d 1638